000 00742nam a2200241Ia 4500
003 OSt
005 20220918230728.0
006 a|||||r|||| 00| 0
007 ta
008 220917b |||||||| |||| 00| 0 eng d
024 _a257,752
037 _cTextual
040 _aARTS
_cARTS
_beng
041 _2eng
_aeng
082 _aY76:1.1.M8, L7
100 _aIrwin Graham W
_9153125
245 0 _aAfricans abroad
_b documentary history of the black diaspora in Asia,Latin America and the caribbean during the age of slavery
260 _aNew York
_bColumbia University Press
_c1977
300 _axiii,401p.
_ccm.
650 _aSOCIOLOGY
942 _hY76:1.1.M8, L7
_cTEXL
_2CC
999 _c288790
_d288790